000 00313nam a2200133Ia 4500
008 240624s9999 xx 000 0 und d
041 _aeng
082 _a891.46 DES
100 _aDESHPANDEY P L
245 _aGANDHIJI
260 _c2006
_aPune
_bRajhans Prakashan
300 _a86 : p. : cm. ; 22
365 _cRS
_b20
999 _c6899
_d6899